01324nam a2200385 a 450000100060000000300080000600500170001400600190003100700150005000800410006502000180010603500230012403500240014703500250017103500210019604000260021705000220024308000110026508200150027610000280029124501060031926000470042530000110047244000150048353301640049865000210066265000340068365000420071765300310075965500270079070000230081771000190084085600620085999900170092147736FlNmELB20241216231905.0m o d | cr cn|||||||||201109r2011 sp |||||s|||||||||||spa d z9788479425371 a(MiAaPQ)EBC3195017 a(Au-PeEL)EBL3195017 a(CaPaEBR)ebr10491502 a(OCoLC)929291846 aFlNmELBbspacFlNmELB 4aHD62.5bV713 2011 a658.1104a658.112221 aVillagrá, Fernando L.10aEmpresa e iniciativa emprendedorah[recurso electronico] /cFernando L. Villagrá, Francisco Lobato. a[Madrid] :bMacmillan Profesional,c[2011] a223 p. 0aEvoluciona aRecurso electrónico. Santa Fe, Arg.: e-libro, 2015. Disponible vía World Wide Web. El acceso puede estar limitado para las bibliotecas afiliadas a e-libro. 0aEmpresas nuevas. 0aAdministración de empresas. 0aNew business enterprisesxManagement. aAdministracion de empresas 4aLibros electrónicos.1 aLobato, Francisco.2 ae-libro, Corp.40uhttps://elibro.net/ereader/politecnicointernacional/52801 c47736d47736